000 00498nam a22001457a 4500
005 20251108165301.0
008 250721s1973 xx 000 0 ara d
082 1 4 _a956.5/عبد
245 1 0 _aالآثار الكامله للملك عبد الله بن الحسين :
_bحقبة من تاريخ الأردن /
264 1 _aبيروت :
_bالدار المتحدة،
_c1973.
300 _a5ج في مج واحد : مص.
650 1 7 _aتاريخ الأردن
942 _2ddc
_cBK
999 _c24079
_d24079